Responses for show #2445 - Friday, March 31, 1995

Bruce Borchardt game 5.

Contestants

Arthur Tiersky, originally from Lincolnwood, Illinois

Bob Mandel, an on-scene coordinator originally from Manchester, New Hampshire

Bruce Borchardt, a metrologist originally from Denver, Colorado (whose 4-day cash winnings total $48,099)

Jeopardy! Round responses

1869
TELEVISION
TRANSPORTATION
FIRE!
ESCAPES
"HOT" STUFF
    $100 1
vote

Bruce
    $100 27
Gone With the Wind

Bruce
    $100 5
the jeep

Bob
    $100 16
Nero

Bob
    $100 21
Houdini

Bob
    $100 11
a hotline

Bruce
    $200 2
gold

Triple Stumper
    $200 28
Miami Vice

Bob
    $200 6
the snowmobile

Bruce
    $200 17
Milan

Bob
    $200 22
dental floss

Bruce
    $200 12
hot dog (hot diggity dog accepted)

Arthur
    $300 3
Livingstone

Bruce
    $300 29
(Bruce: What is Mayberry R.F.D.?)

Matlock

BruceArthur
    $300 7
The Pan-American Highway

Bob
    $300 18
the Globe

Arthur
    $300 23
Daniel Boone

Bob
    $300 13
Cat on a hot tin Roof

Bruce
    $400 4
Utah

Bob
    $400 30
Custer

Arthur
    $400 8
a moped

Bruce
    $400 19
Maine

Bob
    $400 24
Frederick Douglass

Bruce
    $400 14
a hot potato

Bruce
    $1,500 10
Purdue

Bruce
    $500 26
Frontline

Bob
    $500 9
a monorail

Bruce
    $500 20
Santiago

Bruce
    $500 25
(Jean) Lafitte

Arthur
    $500 15
the Hottentot

Bruce

Scores at the first commercial break (after clue 15):

Bruce Bob Arthur
$4,300 $800 $200

Scores at the end of the Jeopardy! Round:

Bruce Bob Arthur
$5,200 $2,600 $1,700

Double Jeopardy! Round responses

GEOGRAPHY
BALLET
ARCHITECTURE
FIRST LADIES
SCIENCE & NATURE
LITERARY CHARACTERS
    $200 10
Cape Town

Bob
    $200 19
Don Quixote

Bruce
    $200 14
New York City

Bob
    $200 18
Abigail Adams

Bruce
    $200 2
Darwin

Bruce
    $200 1
Call of the Wild

Bruce
    $400 7
(Bob: What is Quebec?)

Montreal

BobArthur
    $400 20
(Arthur: Who is Gershwin?)

Franz Liszt

Arthur
Triple Stumper
    $400 15
(Bruce: Who was Julius Caesar?)

Octavius Caesar (Caesar Augustus)

BruceArthur
    $400 26
(Alex: Right, and we've about a minute to go in the round.)

Lady Bird Johnson

Bob
    $400 3
California

Bruce
    $400 5
On the Road

Bruce
    $600 11
Cardiff

Bruce
    $600 21
5

Bruce
    $600 23
Newport

Bob
    $600 27
Mary Lincoln

Bruce
    $600 4
a seismograph

Arthur
    $600 8
Fahrenheit 451

Bruce
    $800 12
Canton

Bob
    $800 22
(Bruce: Who is Panfilov?)
(Arthur: Who is D'Egville?)

Nijinsky

BruceBobArthur
    $800 24
(Bruce: What is Barcelona?)
(Bob: What is Milan?)
(Arthur: What is Venice?)

Turin

BruceBobArthur
Triple Stumper
    $800 28
Harding

Arthur
    $800 6
a moth

Bob
    $800 16
Day of the Locust

Triple Stumper
    $1000 13
Cartagena

Triple Stumper
    $2,000 30
(Arthur: What is Cinderella?)

Swan Lake

Arthur
    $1000 25
(Bob: Who is DalĂ­?)
(Bruce: Who is GaudĂ­?)

Mies van der Rohe

BruceBob
Triple Stumper
    $1,800 29
Frances Folsom (Cleveland)

Arthur
    $1000 9
it refracts

Bruce
    $1000 17
Jett Rink

Triple Stumper

Scores at the end of the Double Jeopardy! Round:

Bruce Bob Arthur
$7,200 $4,200 $1,700

[wagering suggestions for these scores]

Final Jeopardy! Round responses

ANCIENT EGYPT
ArthurWhat is Ramses?
$1,699
BobWhat is Pharoah?
$4,190
BruceWhat was Tutankhamun?
$1,200
Ramses

Final scores:

Bruce Bob Arthur
$6,000 $10 $3,399
5-day champion: $54,099+Jeopardy! sports edition 3rd place: a Magnavox TV/VCR combo+Jeopardy! sports edition 2nd place: a trip to Carmel Valley Ranch resort and his and her Fox tennis rackets and bags+Jeopardy! sports edition

Game dynamics:

Coryat scores:

Bruce Bob Arthur
$6,200 $4,200 $2,900
25 R
(including 1 DD),
5 W
17 R,
3 W
10 R
(including 1 DD),
4 W
(including 1 DD)

Combined Coryat: $13,300

The J! Archive is created by fans, for fans. The Jeopardy! game show and all elements thereof, including but not limited to copyright and trademark thereto, are the property of Jeopardy Productions, Inc. and are protected under law. This website is not affiliated with, sponsored by, or operated by Jeopardy Productions, Inc. Join the discussion at JBoard.tv.